000 00574nam a2200181Ia 4500
008 151018s9999 xx 000 0 und d
082 _bRBASDV63242
_a891.463
100 _aशलाका कुलकर्णी
245 _aमोरपीस
250 _b1
260 _b"गवळी प्रकाशन, इस्लामपूर"
_c2013
300 _a80
600 _aशलाका कुलकर्णी
630 _aमोरपीस
700 _aशलाका कुलकर्णी
730 _aमोरपीस
942 _cBOOK
999 _c1055585
_d1055582